000 00444nam a2200181Ia 4500
008 180207s9999 xx 000 0 und d
020 _a9789810940522
050 _bD579 2014
100 _aDillon, Leo
245 _aIf kids ran the world /
245 _cby Leo Dillon and Diane Dillon.
260 _aNew York :
260 _bScholastic,
260 _c2014
300 _aunpaged :
300 _bcolor illustrations ;
300 _c26cm.
999 _c355844
_d355844